| 000 | 00812nam a2200217 i 4500 | ||
|---|---|---|---|
| 001 | 96474 | ||
| 003 | ES-MaACL | ||
| 005 | 20251207155240.0 | ||
| 007 | t| | ||
| 008 | 050627s1914 fr ab |||| | fre d | ||
| 100 | 1 |
_aMalet, Albert. _975754 |
|
| 245 | 1 | 0 |
_aHistoire moderne (1498-1715) _b: rédigée conformément aux programmes officiels du 31 Mai 1902 : classe de seconde / _cAlbert Malet. |
| 250 | _a3e éd. | ||
| 260 |
_aParis : _bLibrairie Hachette et Cie., _c1914. |
||
| 300 |
_a762 p. : _bil., mapas ; _c19 cm. |
||
| 490 | 1 | _aCours complete d'histoire a l'usage de l'enseignement secondaire | |
| 650 | 4 |
_aHistoria moderna- _vLibros escolares. _9167106 |
|
| 830 | 0 |
_aCours complet d'histoire a l'usage de l'enseignement secondaire _9184389 |
|
| 852 |
_aES-MaACL _jB-3135 |
||
| 999 |
_c96474 _d96474 |
||